Avances logran mecanismos de solución de controversias en OMC y en acuerdos de libre comercio

Збережено в:
Бібліографічні деталі
Формат: Текст
Предмети:
Теги: Додати тег
Немає тегів, Будьте першим, хто поставить тег для цього запису!

MARC

LEADER 00000 a a2200000 04500
001 10274
003
040
245 |a Avances logran mecanismos de solución de controversias en OMC y en acuerdos de libre comercio  
650 |a OMC  
650 |a TLC  
650 |a GAS NATURAL  
650 |a ELECTRICIDAD  
650 |a LIBERALISMO  
650 |a PRIVATIZACION  
650 |a PETROLEO  
650 |a AMERICA LATINA  
773 |g número 46; 1, 6  
999 |c 27213  |d 27213